Nudo de víboras

Uloženo v:
Podrobná bibliografie
Hlavní autor: Mauriac, François (autor)
Médium: Kniha
Jazyk:španělština
Vydáno: Santiago Andrés Bello 1994
Vydání:1a. ed
Témata:
Tagy: Přidat tag
Žádné tagy, Buďte první, kdo vytvoří štítek k tomuto záznamu!

MARC

LEADER 00000cam a2200000 a 4500
001 UCN8226
003 CL-VaPUC
008 011109e19940000CL |||||||||||||||||spa|d
020 |a 9561312256 
082 0 4 |a 843  |b MAU  |2 21 
100 |a Mauriac, François  |e autor  |9 304055 
245 1 0 |a Nudo de víboras 
250 |a 1a. ed 
300 |a 197 p 
942 |c BK 
945 |d 20011109 00:00:00  |a cmena 
260 |a Santiago  |b Andrés Bello  |c 1994 
650 0 |a Novela francesa  |9 264985 
650 0 |a Literatura francesa  |9 266330 
583 |a last modification  |c 20150603 12:03:16  |k Rodrigo Vera 
999 |c 298250  |d 298248 
952 |0 0  |1 0  |4 0  |6 843_000000000000000_MAU_1994  |7 0  |8 A  |9 353735  |a BIBEDU  |b BIBEDU  |d 2019-11-21  |i 3770877  |o 843 MAU 1994  |p 3770877  |r 2019-11-21  |w 2019-11-21  |y BK  |k LIT 
952 |0 0  |1 0  |3 erb  |4 0  |6 843_000000000000000_MAU_1994  |7 0  |8 A  |9 353736  |a BIBEDU  |b BIBEDU  |e Villagrán Garnham, Jorge  |i 5177499  |o 843 MAU 1994  |p 5177499  |r 2019-11-21  |w 2019-11-21  |y BK  |z Catalogado en:20150605  |k LIT